Works for voice and chamber orchestra: Les illuminations. Serenade. Nocturne. Now sleeps the Crimson Petal

Guardat en:
Dades bibliogràfiques
Autor principal: Britten, Benjamin (Autor)
Format: Llibre
Idioma:anglès
francès
alemany
Publicat: Londres Boosey & Hawkes 1999
Col·lecció:Boosey and Hawkes Masterworks Library
Matèries:
Etiquetes: Afegir etiqueta
Sense etiquetes, Sigues el primer a etiquetar aquest registre!

MARC

LEADER 00000nam a2200000 a 4500
001 UCK1405
003 CL-VaPUC
005 20240722160914.0
008 041112e19990000UK |||||||||||||||||eng|d
999 |c 311374  |d 311372 
020 |a 0851622178 
040 |c Pontificia Universidad Católica de Valparaíso 
041 0 7 |a eng  |2 CL-VaPUC 
041 0 7 |a fre  |2 CL-VaPUC 
041 0 7 |a ger  |2 CL-VaPUC 
082 0 4 |a Cm782.42  |b BRI  |2 21 
100 0 |a Britten, Benjamin  |e author  |9 489212 
245 1 0 |a Works for voice and chamber orchestra: Les illuminations. Serenade. Nocturne. Now sleeps the Crimson Petal 
246 1 0 |a Oeuvres pour voix et orchestre de chambre 
246 1 0 |a Werke für Stimme un Kammerorchester 
260 |a Londres  |b Boosey & Hawkes  |c 1999 
300 |a 182 p 
490 0 |a Boosey and Hawkes Masterworks Library 
583 |a last modification  |c 20041112 00:00:00  |k Rodrigo Vera 
650 0 |a Canciones  |2 CL-VaPUC  |9 306659 
650 0 |a Música de cámara  |9 306547 
650 0 |a Compositores ingleses  |9 328882 
650 0 |a Partituras  |9 324008 
942 |c BK  |2 ddc 
945 |d 20041112 00:00:00  |a cmena 
952 |0 0  |1 0  |4 0  |6 CM_782_420000000000000_BRI_1999  |7 0  |8 ?  |9 380755  |a BIBEDU  |b BIBEDU  |d 2019-11-21  |i 4078675  |o Cm782.42 BRI 1999  |p 4078675  |r 2023-11-22  |w 2019-11-21  |y BK  |k MUS